Gaming Quiz

Random Gaming or Video Games Quiz

SSBB Stickers (EarthBound) Quiz Stats

 Plays Quiz not verified by Sporcle

Challenge
Share
Tweet
Embed
Score 0/26 Timer 07:00
0 Plays Today
Game Sticker % Correct
EarthBoundNess
96.9%
Mother 3Lucas
93.8%
EarthBoundJeff
92.7%
EarthBoundPoo
92.7%
EarthBoundPaula
89.6%
MotherNinten
87.5%
EarthBoundPorky
84.4%
EarthBoundMr. Saturn
78.1%
Mother 3Claus
78.1%
Mother 3Flint
78.1%
Mother 3Mr. Saturn
78.1%
Mother 3Kumatora
69.8%
MotherAna
68.8%
Game Sticker % Correct
Mother 3Boney
67.7%
Mother 3Duster
65.6%
MotherTeddy
64.6%
EarthBoundStarman
60.4%
Mother 3Hinawa
58.3%
MotherLloyd
56.3%
Mother 3Salsa
42.7%
EarthBoundMaster Belch
36.5%
Mother 3Pigmask
35.4%
MotherNew Age Retro Hippie
24%
MotherMad Truck
21.9%
MotherLittle Saucer
14.6%
MotherDevil Car
13.5%

You're not logged in!

Compare scores with friends on all Sporcle quizzes.
Join for Free
OR
Log In

You Might Also Like...

Show Comments

Extras

Top Quizzes Today


Score Distribution

Your Account Isn't Verified!

In order to create a playlist on Sporcle, you need to verify the email address you used during registration. Go to your Sporcle Settings to finish the process.

Report this User

Report this user for behavior that violates our Community Guidelines.

Details: